Obsah platobného výmeru

Obsahové náležitosti vydaného platobného výmeru. Podklady pre vydanie platobného výmeru. Platobný výmer a jeho doručovanie.

Salvato in:
Dettagli Bibliografici
Autore principale: Hrtánek, Ladislav
Natura: Capitolo di libro
Lingua:slovacco
Soggetti:
Tags: Aggiungi Tag
Nessun Tag, puoi essere il primo ad aggiungerne!!

MARC

LEADER 00000naa a2200000 4500
001 0281503
005 20240417075151.4
041 0 |a slo 
044 |a SK 
245 1 0 |a Obsah platobného výmeru  |c Ladislav Hrtánek 
520 |a Obsahové náležitosti vydaného platobného výmeru. Podklady pre vydanie platobného výmeru. Platobný výmer a jeho doručovanie. 
610 2 0 |a dane 
610 2 0 |a správa daňová 
610 2 0 |a obce 
100 1 |a Hrtánek, Ladislav